000 00984nam a2200313 i 4500
999 _c66598
_d66598
001 768714001
003 CO-MdFUSB
005 20200924105555.0
007 ta
008 200924t1982 -us |||| |||| 00| 0 eng d
020 _a0937336092
040 _aCO-MdFUSB
_bspa
_cCO-MdFUSB
_dCO-MdFUSBC
_erda
041 _aeng
082 _223
_a253.5
_bM285
100 _aMannoia, V. James.
_eautor
245 _aPastoral counseling, a reflective mode
_c/ V. James Mannoia
264 1 _aEstados Unidos :
_bFrancis Asbury Publishing,
_c[1982]
264 4 _c© 1982
300 _a160 páginas
_c; 21 cm
336 _2rdacontent
_atexto
_btxt
337 _2rdamedia
_asin mediación
_bn
338 _2rdacarrier
_avolumen
_bnc
505 _aParte 1. Enfoque teológico - Parte 2. Dimensiones conductuales en la consejería - Parte 3. Enfoques para el cambio.
563 _aRústico
650 0 _9228
_aConsejería pastoral
942 _cBK
945 _aJTF-925